| 000 | 01836cam a2200409 i 4500 | ||
|---|---|---|---|
| 999 |
_c127599 _d127599 |
||
| 001 | 19225723 | ||
| 003 | ARRUPE | ||
| 005 | 20180313125323.0 | ||
| 008 | 160811s2016 sa b 001 0 eng | ||
| 010 | _a 2016442374 | ||
| 020 | _a9781868888252 | ||
| 040 |
_aDLC _beng _erda _cDLC |
||
| 042 | _apcc | ||
| 043 | _af-rh--- | ||
| 050 | 0 | 0 |
_aHD992 _b.M36 2016 |
| 100 | 1 |
_aManase, Irikidzayi, _940498 |
|
| 245 | 1 | 0 |
_aWhite Narratives : _bthe depiction of post-2000 land invasions in Zimbabwe / _cIrikidzayi Manase. |
| 260 |
_aPretoria _bUNISA Press _c2016 |
||
| 300 |
_avii, 152 p. ; _c21 cm. |
||
| 490 | 0 | _aAfrican Humanities Series. | |
| 500 | _a"African Humanities Program, New York." | ||
| 500 | _aWritings surveyed: Catherine Buckle, African tears (2000), Beyond tears (2003), Innocent victims (2009); Graham Lang, Place of birth (2006); Christina Lamb, House of stone (2006); and Douglas Rogers, The last resort (2009). | ||
| 504 | _aIncludes bibliographical references (pages 137-144) and index. | ||
| 650 | 0 |
_aLand use, rural _xGovernment policy _zZimbabwe _y21st century. _940499 |
|
| 650 | 0 |
_aLand reform _xGovernment policy _zZimbabwe _y21st century. _940500 |
|
| 650 | 0 |
_aLand reform in literature. _940501 |
|
| 650 | 0 |
_aLand use in literature. _940502 |
|
| 650 | 0 |
_aWhites _zZimbabwe _xEthnic identity. _940503 |
|
| 650 | 0 |
_aZimbabwean literature (English) _y21st century _vHistory and criticism. _940504 |
|
| 906 |
_a7 _bcbc _corignew _d3 _encip _f20 _gy-gencatlg |
||
| 942 |
_2lcc _cMONOGRAPH |
||